000 01116nam0a22002531 4500
001 rc\297745
005 20250621024223.0
010 _a5-288-00537-0
_91061
035 _a(NLR Aleph) 005530205
090 _a5601179
_c5601179
100 _a20030307d1990 |||y0rusy50 ca
101 0 _arus
102 _aRU
105 _ay |||||||||
200 1 _aЕстественнонаучное и социогуманитарное знание: методологические аспекты взаимодействия
_eМежвуз. сб.
_fЛГУ, Ин-т повышения квалификации преподавателей обществ. наук
_gПод ред. А.С. Мамзина
210 _aЛ.
_cИзд-во ЛГУ
_d1990
215 _a200, [1] с.
_d22
702 1 _aМамзин
_bА.С.
_gАлексей Сергеевич
_4340
712 0 2 _aИнститут повышения квалификации преподавателей общественных наук
_cЛенинград
801 0 _aRU
_bNLR
_gpsbo
801 1 _aRU
_bELAR
_2rusmarc
852 _aNLR
_j90-5/5512
942 _cBOOK
980 _aNB